World Cities by Letter F - Picture Quiz - Statistics

General Stats
  • This quiz has been taken 158 times
    154 since last reset
  • The average score is 4 of 18
Answer Stats
Picture Answer % Correct
Florence
94%
Frankfurt
70%
Fez
60%
Fukushima
52%
Fortaleza
24%
Freetown
22%
Fort Worth
20%
Faisalabad
17%
Fukuoka
16%
Fuzhou
14%
Fresno
12%
Funafuti
11%
Fort Wayne
8%
Funchal
7%
Ferrara
6%
Fargo
3%
Fife
3%
Fushun
2%
No matching quizzes found
Score Distribution
Percent of People with Each Score
Percentile by Number Answered
Your Score History
You have not taken this quiz since the last reset